00581nam a2200193Ia 4500008004100000040001900041041001200060082002000072100002700092245005300119260002800172300002500200650001200225651001400237850001800251942000700269999001700276952009400293131103s9999 xx 000 0 und d aLoreto College aEnglish a920/DONbLCLIB/ aConsidine, John Joseph aWhen the sorghum was highcJohn Joseph Considine aNew YorkbLongmanc1942 a177p.b ill.c 22cm. aDonovan aBiography aLCLIB/920/DON cBK c25074d75553 00104070aMAINbMAINd2013-11-04l0o920/DON LCLIB/pB27873r2013-11-04w2013-11-04yBK